[Event "Liga Madrileña - DH 2017-2018"]
[Site "Madrid ESP"]
[Date "2018.01.28"]
[Round "7.22"]
[White "Gascon del Nogal, Jose Rafael"]
[Black "Garrido Dominguez, Jesus"]
[Result "1-0"]
[WhiteElo "2495"]
[BlackElo "2403"]
[PlyCount "69"]
[EventDate "2017.11.19"]
[EventType "team-tourn"]
[EventRounds "14"]
[EventCountry "ESP"]
[SourceTitle "Ajedrez en Madrid"]
[Source "lmi"]
[SourceDate "2017.11.19"]
[WhiteTeam "Collado Villalba"]
[BlackTeam "64 Villalba"]
[WhiteTeamCountry "ESP"]
[BlackTeamCountry "ESP"]

1. e4 e5 2. Nf3 Nc6 3. Bc4 Be7 4. O-O Nf6 5. d3 O-O 6. Re1 d6 7. a4 Kh8 8. a5
a6 9. h3 Ng8 10. Nc3 f5 11. Nd5 Nf6 12. Ng5 f4 13. Nxf6 gxf6 14. Nxh7 Qe8 15.
Nxf8 Bxf8 16. g4 Qg6 17. c3 Ne7 18. f3 Qh6 19. Re2 Ng6 20. h4 Nxh4 21. Rh2 Kg7
22. Bd2 Be7 23. Be1 f5 24. Bxh4 Bxh4 25. Kg2 Bd7 26. exf5 Qg5 27. Qb3 Bxf5 28.
Be6 Bg6 29. Qxb7 Re8 30. Bd5 Bg3 31. Qxc7+ Re7 32. Qd8 Bxh2 33. Qg8+ Kf6 34.
Qh8+ Rg7 35. Qf8+ 1-0

[Event "Liga Madrileña - DH 2017-2018"]
[Site "Madrid ESP"]
[Date "2018.01.28"]
[Round "7.23"]
[White "Ruperez Benito, Antonio"]
[Black "Moreno Ruiz, Javier"]
[Result "0-1"]
[WhiteElo "2355"]
[BlackElo "2443"]
[PlyCount "98"]
[EventDate "2017.11.19"]
[EventType "team-tourn"]
[EventRounds "14"]
[EventCountry "ESP"]
[SourceTitle "Ajedrez en Madrid"]
[Source "lmi"]
[SourceDate "2017.11.19"]
[WhiteTeam "64 Villalba"]
[BlackTeam "Collado Villalba"]
[WhiteTeamCountry "ESP"]
[BlackTeamCountry "ESP"]

1. e4 e6 2. b3 d5 3. Bb2 dxe4 4. Nc3 Nf6 5. Qe2 Be7 6. Nxe4 a5 7. a4 O-O 8. Nf3
Nbd7 9. g3 Nxe4 10. Qxe4 Bf6 11. d4 Nc5 12. Qe3 b6 13. Bg2 Bb7 14. O-O Na6 15.
Rad1 Qc8 16. Ne5 Bxg2 17. Kxg2 Qb7+ 18. f3 Rad8 19. c4 c5 20. Ng4 Bxd4 21. Bxd4
cxd4 22. Rxd4 Rxd4 23. Qxd4 Nc5 24. Rd1 f6 25. Qd6 Re8 26. Ne3 Qb8 27. Kf2 Qxd6
28. Rxd6 Rb8 29. Nc2 Kf7 30. Na1 Ke7 31. Rd1 g5 32. Ke2 h5 33. Rb1 g4 34. Nc2
Rd8 35. b4 Nxa4 36. Rb3 axb4 37. Rxb4 Nc3+ 38. Ke3 gxf3 39. Kxf3 Rd3+ 40. Ne3
b5 41. Kf2 bxc4 42. Nxc4 f5 43. Ne5 Rd2+ 44. Kf3 Rxh2 45. Rb7+ Kd6 46. Nf7+ Kd5
47. Rd7+ Kc5 48. Re7 Nd1 49. Rc7+ Kb6 0-1

[Event "Liga Madrileña - DH 2017-2018"]
[Site "Madrid ESP"]
[Date "2018.01.28"]
[Round "7.24"]
[White "Martin Duque, Jesus"]
[Black "Gimenez Menchon, Cesar"]
[Result "0-1"]
[WhiteElo "2384"]
[BlackElo "2159"]
[PlyCount "83"]
[EventDate "2017.11.19"]
[EventType "team-tourn"]
[EventRounds "14"]
[EventCountry "ESP"]
[SourceTitle "Ajedrez en Madrid"]
[Source "lmi"]
[SourceDate "2017.11.19"]
[WhiteTeam "Collado Villalba"]
[BlackTeam "64 Villalba"]
[WhiteTeamCountry "ESP"]
[BlackTeamCountry "ESP"]

1. e4 c6 2. d4 d5 3. e5 Bf5 4. Be3 e6 5. Nd2 Nd7 6. f4 Ne7 7. Ngf3 c5 8. dxc5
Nc6 9. Nb3 Rc8 10. c3 Be7 11. Bb5 O-O 12. Qd2 Be4 13. O-O Ncb8 14. Qf2 Qc7 15.
Nbd2 Nxc5 16. Nxe4 Nxe4 17. Qe2 Nc6 18. Bd3 Nc5 19. Bc2 h6 20. Rac1 Nd7 21. Nd4
Nxd4 22. cxd4 Qb6 23. f5 Bg5 24. Bxg5 hxg5 25. fxe6 Qxd4+ 26. Kh1 fxe6 27. Rfe1
Nb6 28. Qh5 Qh4 29. Qg6 Qh6 30. Qd3 Nc4 31. Qb3 g4 32. Qg3 Qg5 33. h4 Qf4 34.
Qd3 Qh6 35. Qg3 g5 36. Bd1 Qxh4+ 37. Qxh4 gxh4 38. Bxg4 Kf7 39. a3 Ke7 40. Rc3
Rh8 41. b3 Nd2 42. Kg1 0-1

[Event "Liga Madrileña - DH 2017-2018"]
[Site "Madrid ESP"]
[Date "2018.01.28"]
[Round "7.25"]
[White "Pascual Palomo, Lucia"]
[Black "Ortega Ruiz, Jose Miguel"]
[Result "0-1"]
[WhiteElo "2107"]
[BlackElo "2268"]
[PlyCount "64"]
[EventDate "2017.11.19"]
[EventType "team-tourn"]
[EventRounds "14"]
[EventCountry "ESP"]
[SourceTitle "Ajedrez en Madrid"]
[Source "lmi"]
[SourceDate "2017.11.19"]
[WhiteTeam "64 Villalba"]
[BlackTeam "Collado Villalba"]
[WhiteTeamCountry "ESP"]
[BlackTeamCountry "ESP"]

1. e4 e5 2. Nf3 Nc6 3. d4 exd4 4. Nxd4 Nf6 5. Nxc6 bxc6 6. Bd3 d5 7. exd5 cxd5
8. h3 Bd6 9. O-O O-O 10. c3 c5 11. Bg5 Rb8 12. b3 Bc7 13. Nd2 Qd6 14. f4 Bb7
15. Qc2 h6 16. Bxf6 Qxf6 17. g3 Rfe8 18. Rae1 Ba5 19. Nb1 d4 20. Be4 Rxe4 21.
Rxe4 Qc6 22. Re2 Qh1+ 23. Kf2 Qg2+ 24. Ke1 Qxg3+ 25. Ref2 dxc3 26. Na3 Ba6 27.
Nc4 Bxc4 28. bxc4 Rb2 29. Qc1 Rd2 30. Qxd2 cxd2+ 31. Kd1 Qc3 32. Rf3 Qc1+ 0-1

[Event "Liga Madrileña - DH 2017-2018"]
[Site "Madrid ESP"]
[Date "2018.01.28"]
[Round "7.26"]
[White "Cao Armillas, Jesus"]
[Black "Perdomo Araujo, Angel Eduardo"]
[Result "0-1"]
[WhiteElo "2101"]
[BlackElo "2053"]
[PlyCount "90"]
[EventDate "2017.11.19"]
[EventType "team-tourn"]
[EventRounds "14"]
[EventCountry "ESP"]
[SourceTitle "Ajedrez en Madrid"]
[Source "lmi"]
[SourceDate "2017.11.19"]
[WhiteTeam "Collado Villalba"]
[BlackTeam "64 Villalba"]
[WhiteTeamCountry "ESP"]
[BlackTeamCountry "ESP"]

1. d4 Nf6 2. c4 g6 3. g3 d5 4. cxd5 Nxd5 5. Bg2 Bg7 6. Nf3 O-O 7. O-O Nb6 8.
Nc3 Nc6 9. e3 e5 10. d5 Na5 11. e4 c6 12. b4 Nac4 13. Qb3 cxd5 14. exd5 e4 15.
Ng5 e3 16. Nge4 f5 17. Nc5 Qf6 18. N5a4 Nxa4 19. Nxa4 e2 20. Re1 Qxa1 21. Qxc4
Bd7 22. Nc5 Qc3 23. Qxc3 Bxc3 24. Rxe2 Bb5 25. Rc2 Rfe8 26. Be3 Bxb4 27. Nxb7
Rac8 28. Rxc8 Rxc8 29. d6 a5 30. Bd5+ Kg7 31. Bd4+ Kf8 32. Be6 Rc1+ 33. Kg2
Bc6+ 34. Kh3 Bxb7 35. d7 Be7 36. Be3 g5 37. Bxf5 Rd1 38. Bg4 Rd6 39. Bc5 Rd5
40. Bb6 a4 41. Be6 Rd2 42. Ba5 Rd1 43. Bg4 Rd5 44. Bc3 Bc6 45. Be6 Bxd7 0-1

[Event "Liga Madrileña - DH 2017-2018"]
[Site "Madrid ESP"]
[Date "2018.01.28"]
[Round "7.31"]
[White "Suarez Uriel, Adrian"]
[Black "Martinez Reyes, Pedro Ramon"]
[Result "1-0"]
[WhiteElo "2396"]
[BlackElo "2414"]
[PlyCount "48"]
[EventDate "2017.11.19"]
[EventType "team-tourn"]
[EventRounds "14"]
[EventCountry "ESP"]
[SourceTitle "Ajedrez en Madrid"]
[Source "lmi"]
[SourceDate "2017.11.19"]
[WhiteTeam "La Casa del Ajedrez"]
[BlackTeam "Blanco y Negro"]
[WhiteTeamCountry "ESP"]
[BlackTeamCountry "ESP"]

1. e4 e6 2. d4 d5 3. Nc3 Nf6 4. e5 Nfd7 5. f4 c5 6. Nf3 Nc6 7. Ne2 Qa5+ 8. c3
b5 9. Bd2 Qb6 10. f5 Be7 11. Nf4 Nd8 12. Bd3 g6 13. fxe6 fxe6 14. O-O cxd4 15.
cxd4 O-O 16. Kh1 Rf7 17. Qe1 b4 18. Qg3 Rg7 19. Ng5 Nf8 20. Rf3 Qxd4 21. Raf1
Bd7 22. Nxh7 Nf7 23. Nxf8 Nxe5 24. N4xe6 Qxb2 1-0

[Event "Liga Madrileña - DH 2017-2018"]
[Site "Madrid ESP"]
[Date "2018.01.28"]
[Round "7.32"]
[White "Bolado Saez, Sergio"]
[Black "Candela Perez, Jose"]
[Result "1/2-1/2"]
[WhiteElo "2376"]
[BlackElo "2364"]
[PlyCount "91"]
[EventDate "2017.11.19"]
[EventType "team-tourn"]
[EventRounds "14"]
[EventCountry "ESP"]
[SourceTitle "Ajedrez en Madrid"]
[Source "lmi"]
[SourceDate "2017.11.19"]
[WhiteTeam "Blanco y Negro"]
[BlackTeam "La Casa del Ajedrez"]
[WhiteTeamCountry "ESP"]
[BlackTeamCountry "ESP"]

1. d4 d5 2. Bf4 Nf6 3. e3 e6 4. Nd2 Bd6 5. Bg3 c5 6. c3 O-O 7. Ngf3 b6 8. Bd3
Ba6 9. Bc2 Nc6 10. Ne5 Qc7 11. f4 Rac8 12. Rc1 Ne7 13. Bh4 Ne8 14. Qh5 g6 15.
Qg4 Nf5 16. Bxf5 exf5 17. Qf3 Qb7 18. Qd1 f6 19. Nef3 Bb8 20. Kf2 Nd6 21. Re1
Bd3 22. Kg1 c4 23. b3 Qa6 24. a4 cxb3 25. Qxb3 Nc4 26. Nxc4 Bxc4 27. Qa3 Qb7
28. Nd2 Qd7 29. Ra1 Bd6 30. Qb2 Bd3 31. Rec1 Qe6 32. Bf2 Rc7 33. Nf3 Rfc8 34.
Ne1 Bc4 35. Nf3 h6 36. h4 Rg7 37. Re1 Rc6 38. Rac1 Qc8 39. Red1 Qa6 40. Ra1 Rf7
41. Rd2 Kg7 42. Kh1 Qc8 43. Rdd1 Ba6 44. Rac1 Bc4 45. Ra1 Ba6 46. Rac1 1/2-1/2

[Event "Liga Madrileña - DH 2017-2018"]
[Site "Madrid ESP"]
[Date "2018.01.28"]
[Round "7.33"]
[White "Fernandez de Bobadilla, Gabriel"]
[Black "Renteria Becerra, Jorge Elicer"]
[Result "1-0"]
[WhiteElo "2201"]
[BlackElo "2336"]
[PlyCount "75"]
[EventDate "2017.11.19"]
[EventType "team-tourn"]
[EventRounds "14"]
[EventCountry "ESP"]
[SourceTitle "Ajedrez en Madrid"]
[Source "lmi"]
[SourceDate "2017.11.19"]
[WhiteTeam "La Casa del Ajedrez"]
[BlackTeam "Blanco y Negro"]
[WhiteTeamCountry "ESP"]
[BlackTeamCountry "ESP"]

1. d4 Nf6 2. c4 c5 3. d5 b5 4. Qc2 bxc4 5. e4 Ba6 6. Bxc4 Bxc4 7. Qxc4 d6 8.
Nf3 g6 9. Nc3 Nbd7 10. h3 Bg7 11. O-O O-O 12. Qe2 Qa5 13. Bf4 Nh5 14. Bg5 Rfe8
15. Rac1 Rab8 16. Rc2 h6 17. Bc1 e6 18. Qd1 exd5 19. Qxd5 Re6 20. Re1 Rbe8 21.
Qd3 Nb6 22. Rce2 c4 23. Qc2 Kh7 24. g4 Nf6 25. Nd4 Nxe4 26. Nxe6 Nxc3 27. Ng5+
hxg5 28. Rxe8 Nxa2 29. Bd2 Qb5 30. R8e7 Nb4 31. Bxb4 Qxb4 32. R1e2 Kg8 33. Qe4
Bf6 34. Rxa7 Qb5 35. Rb7 Kg7 36. Qe6 Qd5 37. Rxf7+ Kh6 38. Qxf6 1-0

[Event "Liga Madrileña - DH 2017-2018"]
[Site "Madrid ESP"]
[Date "2018.01.28"]
[Round "7.34"]
[White "Alarcia Astiz, Carlos"]
[Black "Gil Quilez, David"]
[Result "0-1"]
[WhiteElo "2300"]
[BlackElo "2198"]
[PlyCount "108"]
[EventDate "2017.11.19"]
[EventType "team-tourn"]
[EventRounds "14"]
[EventCountry "ESP"]
[SourceTitle "Ajedrez en Madrid"]
[Source "lmi"]
[SourceDate "2017.11.19"]
[WhiteTeam "Blanco y Negro"]
[BlackTeam "La Casa del Ajedrez"]
[WhiteTeamCountry "ESP"]
[BlackTeamCountry "ESP"]

1. e4 e5 2. Nf3 Nc6 3. Bc4 Nf6 4. d3 Be7 5. O-O O-O 6. c3 d6 7. h3 h6 8. Re1
Na5 9. Bb5 a6 10. Ba4 b5 11. Bc2 c5 12. Nbd2 Qc7 13. Nf1 Nc6 14. Ne3 Be6 15.
Nh2 Rad8 16. Qf3 Kh8 17. Nf5 Qd7 18. g4 d5 19. Kh1 c4 20. g5 hxg5 21. Nxe7 Nxe7
22. Bxg5 Nh7 23. Qh5 f6 24. Be3 Qe8 25. Qxe8 Rfxe8 26. a4 Bxh3 27. axb5 axb5
28. Ra5 dxe4 29. dxe4 Bd7 30. Rd1 Bc6 31. Rxd8 Rxd8 32. Ra7 Nf5 33. Bb6 Rb8 34.
Bc5 Ng5 35. f3 Nh4 36. Kg1 Nhxf3+ 37. Nxf3 Nxf3+ 38. Kf2 Ng5 39. Ke3 Rc8 40.
Bb4 Kh7 41. Be7 Kg6 42. Bb4 Rh8 43. Rc7 Rh3+ 44. Kd2 Bxe4 45. Bxe4+ Nxe4+ 46.
Kc1 Rd3 47. Bf8 Kf5 48. Rxg7 Nd2 49. Rg1 Nb3+ 50. Kc2 Rd2+ 51. Kb1 e4 52. Bh6
Rh2 53. Rf1+ Ke6 54. Bf4 Nd2+ 0-1

[Event "Liga Madrileña - DH 2017-2018"]
[Site "Madrid ESP"]
[Date "2018.01.28"]
[Round "7.35"]
[White "Yingrui, Lin"]
[Black "Shen, Yue"]
[Result "0-1"]
[WhiteElo "2122"]
[BlackElo "2275"]
[PlyCount "70"]
[EventDate "2017.11.19"]
[EventType "team-tourn"]
[EventRounds "14"]
[EventCountry "ESP"]
[SourceTitle "Ajedrez en Madrid"]
[Source "lmi"]
[SourceDate "2017.11.19"]
[WhiteTeam "La Casa del Ajedrez"]
[BlackTeam "Blanco y Negro"]
[WhiteTeamCountry "ESP"]
[BlackTeamCountry "ESP"]

1. d4 d5 2. Nf3 Nf6 3. g3 g6 4. Bg2 Bg7 5. O-O O-O 6. Nbd2 Bf5 7. Nh4 Be6 8. c4
c6 9. Qb3 Qc8 10. c5 Na6 11. Re1 Rb8 12. Nf1 Nh5 13. Be3 b6 14. cxb6 Rxb6 15.
Qa3 Qb7 16. b3 Rc8 17. Rac1 Nc7 18. Bf3 Nb5 19. Qc5 Nf6 20. a4 Nd7 21. Qc2 Nxd4
22. Bxd4 Bxd4 23. e4 Ne5 24. Qd2 c5 25. Bg2 Rd8 26. a5 Rxb3 27. a6 Qb6 28. exd5
Bxd5 29. Rxe5 Bxg2 30. Rxe7 Bd5 31. Rce1 Rb2 32. Nf5 gxf5 33. Qg5+ Qg6 34. Re8+
Rxe8 35. Rxe8+ Kg7 0-1

[Event "Liga Madrileña - DH 2017-2018"]
[Site "Madrid ESP"]
[Date "2018.01.28"]
[Round "7.36"]
[White "Beltran de Heredia Eguiaz, Miguel Angel"]
[Black "Unciti Juan, Javier"]
[Result "1-0"]
[WhiteElo "2223"]
[BlackElo "2018"]
[PlyCount "75"]
[EventDate "2017.11.19"]
[EventType "team-tourn"]
[EventRounds "14"]
[EventCountry "ESP"]
[SourceTitle "Ajedrez en Madrid"]
[Source "lmi"]
[SourceDate "2017.11.19"]
[WhiteTeam "Blanco y Negro"]
[BlackTeam "La Casa del Ajedrez"]
[WhiteTeamCountry "ESP"]
[BlackTeamCountry "ESP"]

1. e4 e6 2. d4 d5 3. Nc3 Bb4 4. e5 Qd7 5. a3 Bf8 6. Nf3 b6 7. Bd3 Bb7 8. Ne2
Nc6 9. h4 O-O-O 10. h5 f6 11. b4 Nh6 12. Bxh6 gxh6 13. exf6 Qf7 14. b5 Na5 15.
Ne5 Qxf6 16. Rh3 Bd6 17. f4 Rdg8 18. g3 Rg7 19. Ng1 Rhg8 20. Qf3 Qe7 21. Ne2
Rf8 22. Qf2 Bxa3 23. c3 Bd6 24. Kd1 Kb8 25. Kc2 Rc8 26. Qe1 c5 27. bxc6 Nxc6
28. Nxc6+ Bxc6 29. Qb1 Qd7 30. Rh1 Ba4+ 31. Kd2 Rxg3 32. Nxg3 Bxf4+ 33. Ke2
Bxg3 34. Qa2 Bb5 35. Rhb1 Bxd3+ 36. Kxd3 Qg7 37. Rxb6+ Ka8 38. Rxe6 1-0

[Event "Liga Madrileña - DH 2017-2018"]
[Site "Madrid ESP"]
[Date "2018.01.28"]
[Round "7.41"]
[White "Valles Moreno, Ivan"]
[Black "Espinosa Aranda, Angel"]
[Result "0-1"]
[WhiteElo "2432"]
[BlackElo "2453"]
[PlyCount "130"]
[EventDate "2017.11.19"]
[EventType "team-tourn"]
[EventRounds "14"]
[EventCountry "ESP"]
[SourceTitle "Ajedrez en Madrid"]
[Source "lmi"]
[SourceDate "2017.11.19"]
[WhiteTeam "Liberty Chess"]
[BlackTeam "Virgen de Atocha"]
[WhiteTeamCountry "ESP"]
[BlackTeamCountry "ESP"]

1. e4 c5 2. Nf3 Nc6 3. Nc3 g6 4. d4 cxd4 5. Nxd4 Bg7 6. Be3 Nf6 7. Bc4 O-O 8.
Bb3 Re8 9. h3 d6 10. O-O Na5 11. Nf3 b6 12. Re1 Nxb3 13. axb3 Bb7 14. Bg5 a6
15. Qd3 Qc7 16. Rad1 Rac8 17. Re2 b5 18. Nd5 Nxd5 19. exd5 Bxb2 20. Rde1 Qc3
21. Qd1 Qc5 22. c4 Bg7 23. Bxe7 Qb6 24. Qd3 a5 25. Nd2 Ba6 26. Bh4 Rxe2 27.
Qxe2 bxc4 28. bxc4 Qb2 29. Bg3 Bh6 30. Rd1 Bxc4 31. Qg4 Ba6 32. Ne4 Rc1 33. Kh2
Rxd1 34. Qxd1 f5 35. Qa4 fxe4 36. Qe8+ Bf8 37. Bxd6 Qf6 38. Bxf8 Qf4+ 39. Kg1
Qxf8 40. Qe6+ Qf7 41. Qxa6 Qxd5 42. Qc8+ Kf7 43. Qc7+ Kg8 44. Qc8+ Kf7 45. Qc7+
Ke6 46. Qxh7 Qd1+ 47. Kh2 Qd6+ 48. Kg1 Kd5 49. Qb7+ Kd4 50. Qb2+ Kc4 51. Qc2+
Kb5 52. Qxe4 a4 53. Qb7+ Kc4 54. Qe4+ Kb5 55. Qe8+ Qc6 56. Qe5+ Qc5 57. Qb2+
Qb4 58. Qe2+ Qc4 59. Qb2+ Qb3 60. Qe5+ Kc4 61. Qe4+ Kc3 62. Qe3+ Kb2 63. Qd2+
Qc2 64. Qb4+ Ka2 65. h4 Qb1+ 0-1

[Event "Liga Madrileña - DH 2017-2018"]
[Site "Madrid ESP"]
[Date "2018.01.28"]
[Round "7.42"]
[White "Rubio Mejia, Luis Ignacio"]
[Black "Fernandez Garcia, Miguel Angel"]
[Result "1-0"]
[WhiteElo "2441"]
[BlackElo "2313"]
[PlyCount "61"]
[EventDate "2017.11.19"]
[EventType "team-tourn"]
[EventRounds "14"]
[EventCountry "ESP"]
[SourceTitle "Ajedrez en Madrid"]
[Source "lmi"]
[SourceDate "2017.11.19"]
[WhiteTeam "Virgen de Atocha"]
[BlackTeam "Liberty Chess"]
[WhiteTeamCountry "ESP"]
[BlackTeamCountry "ESP"]

1. d4 d5 2. c4 dxc4 3. e3 Nf6 4. Bxc4 g6 5. Nf3 Bg7 6. O-O O-O 7. Nc3 Ne8 8.
Bb3 a6 9. Qe2 Nc6 10. Rd1 Nd6 11. d5 Na5 12. Bc2 Bg4 13. h3 Bxf3 14. Qxf3 e5
15. dxe6 fxe6 16. Qe2 Qh4 17. Bd2 Nac4 18. Rab1 Rad8 19. Be1 b5 20. Bb3 Kh8 21.
a4 c6 22. Rd3 Qe7 23. Rbd1 Na5 24. Nxb5 Nxb3 25. Nxd6 Nc5 26. Nf7+ Qxf7 27.
Rxd8 Nxa4 28. Qxa6 Nxb2 29. R1d7 Qf6 30. Rxf8+ Qxf8 31. Qxc6 1-0

[Event "Liga Madrileña - DH 2017-2018"]
[Site "Madrid ESP"]
[Date "2018.01.28"]
[Round "7.44"]
[White "Dominguez Fernandez, Angel I"]
[Black "Sanchez Gonzalez, Sergio"]
[Result "0-1"]
[WhiteElo "2243"]
[BlackElo "2283"]
[PlyCount "106"]
[EventDate "2017.11.19"]
[EventType "team-tourn"]
[EventRounds "14"]
[EventCountry "ESP"]
[SourceTitle "Ajedrez en Madrid"]
[Source "lmi"]
[SourceDate "2017.11.19"]
[WhiteTeam "Virgen de Atocha"]
[BlackTeam "Liberty Chess"]
[WhiteTeamCountry "ESP"]
[BlackTeamCountry "ESP"]

1. e4 c5 2. c3 Nf6 3. e5 Nd5 4. d4 cxd4 5. Nf3 e6 6. cxd4 d6 7. Bc4 Nc6 8. O-O
Nb6 9. Bb3 Be7 10. Qe2 a6 11. Nc3 d5 12. Rd1 Bd7 13. g3 h6 14. h4 Nc8 15. Bf4
b5 16. Rac1 Nb6 17. Bc2 Nc4 18. b3 Na3 19. Bd3 Nb4 20. Nb1 Nxd3 21. Qxd3 Nxb1
22. Qxb1 b4 23. Qd3 Bb5 24. Qd2 Qb6 25. Rc2 Kd7 26. Rdc1 Rhc8 27. h5 a5 28. Kg2
Qa6 29. Rxc8 Rxc8 30. Rxc8 Qxc8 31. g4 Qc3 32. Ne1 Qxd2 33. Bxd2 Be2 34. Kg3
Kc6 35. f4 Kb5 36. Bc1 a4 37. Nc2 Bd3 38. Na1 a3 39. g5 Bb1 40. gxh6 gxh6 41.
f5 Bf8 42. fxe6 fxe6 43. Kf3 Bxa2 44. Ke2 Bb1 45. Kd2 Bf5 46. Nc2 Bg4 47. Ne3
Bxh5 48. Ng2 Bg4 49. Kc2 Bf5+ 50. Kd1 h5 51. Ne3 Be4 52. Nf1 h4 53. Ke2 Bh6 0-1

[Event "Liga Madrileña - DH 2017-2018"]
[Site "Madrid ESP"]
[Date "2018.01.28"]
[Round "7.44"]
[White "Moreno Ibañez, Miguel"]
[Black "Plazuelo Pascual, Juan"]
[Result "0-1"]
[WhiteElo "2270"]
[BlackElo "2322"]
[PlyCount "110"]
[EventDate "2017.11.19"]
[EventType "team-tourn"]
[EventRounds "14"]
[EventCountry "ESP"]
[SourceTitle "Ajedrez en Madrid"]
[Source "lmi"]
[SourceDate "2017.11.19"]
[WhiteTeam "Liberty Chess"]
[BlackTeam "Virgen de Atocha"]
[WhiteTeamCountry "ESP"]
[BlackTeamCountry "ESP"]

1. e4 e6 2. d4 d5 3. Nc3 Nf6 4. e5 Nfd7 5. f4 c5 6. Nf3 Nc6 7. Be3 Be7 8. Qd2
O-O 9. Be2 b6 10. O-O f5 11. dxc5 Nxc5 12. Qe1 a6 13. Rd1 Qc7 14. a3 Bd7 15.
Bd3 b5 16. Ne2 Ne4 17. c3 Na5 18. Ned4 Nc4 19. Bc1 a5 20. Kh1 Qb6 21. Rg1 Be8
22. h3 b4 23. axb4 axb4 24. b3 Na5 25. c4 dxc4 26. Bxe4 fxe4 27. Qxe4 Bg6 28.
Qe2 cxb3 29. g4 Bc5 30. f5 exf5 31. gxf5 Bxf5 32. Nxf5 Rxf5 33. Nh4 Qc6+ 34.
Rg2 Rf2 35. Qd3 Raf8 36. Qd7 Qxd7 37. Rxd7 Rxg2 38. Kxg2 b2 39. Bxb2 Rf2+ 40.
Kg3 Rxb2 41. Nf5 Re2 42. Kf4 Bf8 43. Rd8 Nc6 44. Rc8 Rf2+ 45. Ke4 Rxf5 46. Rxc6
Rf1 47. Rc8 Kf7 48. Rb8 Be7 49. Kd5 Rd1+ 50. Ke4 Rh1 51. Kf5 g6+ 52. Ke4 Rxh3
53. Kd5 Rd3+ 54. Ke4 Rd8 55. Rb7 h5 0-1

[Event "Liga Madrileña - DH 2017-2018"]
[Site "Madrid ESP"]
[Date "2018.01.28"]
[Round "7.45"]
[White "Perez Gonzalez, Jose Manuel"]
[Black "Vazquez Torres, Adrian"]
[Result "1-0"]
[WhiteElo "2244"]
[BlackElo "2174"]
[PlyCount "237"]
[EventDate "2017.11.19"]
[EventType "team-tourn"]
[EventRounds "14"]
[EventCountry "ESP"]
[SourceTitle "Ajedrez en Madrid"]
[Source "lmi"]
[SourceDate "2017.11.19"]
[WhiteTeam "Liberty Chess"]
[BlackTeam "Virgen de Atocha"]
[WhiteTeamCountry "ESP"]
[BlackTeamCountry "ESP"]

1. e4 c5 2. Nc3 d6 3. f4 Nc6 4. Nf3 a6 5. d4 cxd4 6. Nxd4 Nf6 7. Be3 e6 8. Bc4
Qc7 9. Bb3 Be7 10. O-O O-O 11. Qf3 Bd7 12. f5 Kh8 13. fxe6 Nxd4 14. Bxd4 fxe6
15. Qe2 b5 16. e5 dxe5 17. Bxe5 Qc5+ 18. Kh1 b4 19. Bxf6 gxf6 20. Ne4 Qe5 21.
Ng3 Qxe2 22. Nxe2 Bb5 23. Rfe1 e5 24. Nd4 Bd7 25. Ne6 Rfc8 26. Rad1 Ra7 27. Rd2
Be8 28. Red1 a5 29. Nd8 Bh5 30. Be6 Rxc2 31. Rxc2 Bxd1 32. Rc8 Kg7 33. Nc6 Rb7
34. Nxa5 Rb6 35. Nc6 Kh6 36. Bd5 Bg4 37. Re8 Bc5 38. Nd8 Bh5 39. Rg8 Rd6 40.
Bf3 Rd2 41. Bxh5 Kxh5 42. g3 Rxb2 43. Nb7 Be3 44. Nd6 Bg5 45. h3 Rf2 46. Nf5
Rxf5 47. g4+ Kh4 48. gxf5 Kxh3 49. Rb8 Bd2 50. Rb6 e4 51. Rxf6 Kg4 52. Kg2 h5
53. Rd6 Bf4 54. Rd4 Kxf5 55. Rxb4 Bd2 56. Rb8 e3 57. Kf3 Ke6 58. Rb5 h4 59. Rh5
Kd6 60. Rxh4 Kc6 61. Ke2 Kb5 62. Kd3 Ka5 63. Re4 Kb5 64. Re5+ Kb6 65. Kc4 Ka6
66. a4 Kb6 67. Re8 Ka5 68. Ra8+ Kb6 69. Re8 Ka5 70. Ra8+ Kb6 71. Re8 Ka5 72.
Kb3 Kb6 73. Re5 Ka6 74. a5 Bxa5 75. Rxe3 Kb7 76. Kc4 Bb6 77. Re6 Ba7 78. Kb5
Bb8 79. Re7+ Ka8 80. Kb6 Bf4 81. Ra7+ Kb8 82. Rf7 Be3+ 83. Ka6 Bg5 84. Rg7 Bd8
85. Rb7+ Kc8 86. Rb1 Bc7 87. Ka7 Bf4 88. Rb3 Be5 89. Rb4 Bd6 90. Rc4+ Kd7 91.
Kb7 Be5 92. Rc1 Ke6 93. Kc6 Kf5 94. Kd5 Bf4 95. Rf1 Kg4 96. Ke4 Bh2 97. Rf8 Kg3
98. Rg8+ Kf2 99. Ra8 Kg2 100. Ra2+ Kh1 101. Kf3 Bg1 102. Rg2 Bd4 103. Rg4 Bg1
104. Rg7 Bh2 105. Rh7 Kg1 106. Ke2 Kh1 107. Rg7 Bg1 108. Kf1 Bh2 109. Kf2 Bd6
110. Rg1+ Kh2 111. Rg5 Kh3 112. Rg2 Bb4 113. Kf3 Bc3 114. Rc2 Bd4 115. Rc4 Bf6
116. Rc6 Bg5 117. Rc7 Kh2 118. Rh7+ Kg1 119. Rg7 1-0

[Event "Liga Madrileña - DH 2017-2018"]
[Site "Madrid ESP"]
[Date "2018.01.28"]
[Round "7.46"]
[White "Rodrigo Yanguas, Maria"]
[Black "Pablos Tenrero, Raquel"]
[Result "0-1"]
[WhiteElo "2071"]
[BlackElo "1976"]
[PlyCount "120"]
[EventDate "2017.11.19"]
[EventType "team-tourn"]
[EventRounds "14"]
[EventCountry "ESP"]
[SourceTitle "Ajedrez en Madrid"]
[Source "lmi"]
[SourceDate "2017.11.19"]
[WhiteTeam "Virgen de Atocha"]
[BlackTeam "Liberty Chess"]
[WhiteTeamCountry "ESP"]
[BlackTeamCountry "ESP"]

1. e4 c5 2. c3 Nf6 3. e5 Nd5 4. d4 cxd4 5. cxd4 d6 6. Nf3 Nc6 7. Bc4 e6 8. O-O
Nb6 9. Bb3 Qc7 10. Nc3 a6 11. Bf4 Na5 12. Rc1 Qd8 13. Bc2 Bd7 14. Qe2 Bc6 15.
Rfd1 Nd5 16. Bg3 Be7 17. a3 b5 18. Ne4 dxe5 19. Nxe5 Bb7 20. Qh5 g6 21. Qh6 Bf8
22. Qh3 Rc8 23. Nc5 Bxc5 24. dxc5 Qf6 25. Ng4 Qg5 26. Be4 f5 27. Be5 fxg4 28.
Qg3 Rf8 29. b4 Nc4 30. Bb8 Kf7 31. h4 Qf6 32. Ba7 Kg8 33. c6 Bxc6 34. Qxg4 Ne5
35. Qh3 Nf4 36. Qe3 Nc4 37. Qe1 Nd5 38. Bf3 Rfe8 39. h5 Qg5 40. hxg6 hxg6 41.
Rd4 Nf4 42. Bxc6 Rxc6 43. Qe4 Ne2+ 44. Qxe2 Qxc1+ 45. Rd1 Qg5 46. Qe4 Rc7 47.
Bc5 Rh7 48. Qc6 Rh1+ 49. Kxh1 Qh5+ 50. Kg1 Qxd1+ 51. Kh2 Qh5+ 52. Kg1 g5 53.
Qxa6 Qd1+ 54. Kh2 Qd7 55. a4 Kf7 56. axb5 Rh8+ 57. Kg3 Qc7+ 58. Kf3 Qf4+ 59.
Ke2 Qd2+ 60. Kf3 Ne5+ 0-1

[Event "Liga Madrileña - DH 2017-2018"]
[Site "Madrid ESP"]
[Date "2018.02.04"]
[Round "8.11"]
[White "Pulvett Marin, Daniel"]
[Black "Almagro Llamas, Pablo"]
[Result "1-0"]
[WhiteElo "2465"]
[BlackElo "2483"]
[PlyCount "95"]
[EventDate "2017.11.19"]
[EventType "team-tourn"]
[EventRounds "14"]
[EventCountry "ESP"]
[SourceTitle "Ajedrez en Madrid"]
[Source "lmi"]
[SourceDate "2017.11.19"]
[WhiteTeam "Alcorcon"]
[BlackTeam "Virgen de Atocha"]
[WhiteTeamCountry "ESP"]
[BlackTeamCountry "ESP"]

1. d4 Nf6 2. c4 e6 3. Nf3 b6 4. g3 Ba6 5. b3 Bb4+ 6. Bd2 Be7 7. Nc3 d5 8. cxd5
exd5 9. Bg2 O-O 10. O-O c6 11. Ne5 Nfd7 12. Nf3 Nf6 13. Qc2 Nbd7 14. Rad1 Re8
15. Rfe1 Bb4 16. a3 Bd6 17. b4 Bb7 18. Bf4 Qe7 19. Bxd6 Qxd6 20. e4 Nxe4 21.
Nxe4 dxe4 22. Rxe4 Rxe4 23. Qxe4 Nf6 24. Qe5 Qd7 25. Qe2 Rd8 26. Ne5 Qe7 27.
Qc2 Rd6 28. Nxc6 Bxc6 29. Bxc6 g6 30. Bf3 h5 31. Qc8+ Rd8 32. Qc4 Ne8 33. Bc6
Nd6 34. Qd3 Qf6 35. d5 Nf5 36. Qf3 Qe5 37. Kf1 h4 38. Re1 Qd6 39. Re4 hxg3 40.
hxg3 Kg7 41. g4 Ne7 42. b5 Nc8 43. g5 Ne7 44. Qc3+ Kg8 45. Rh4 Kf8 46. Rh7 Nf5
47. Rh8+ Ke7 48. Qe1+ 1-0